Bilecik Bilecik Bilecik Bilecik Bilecik

Fen bilimleri için matematik/ (Record no. 45080)

MARC details
000 -BAŞLIK
Sabit Uzunluktaki Kontrol Alanı 00986nam a22003137a 4500
001 - KONTROL NUMARASI
Control Dosyası 0041001
003 - KONTROL NUMARASI KİMLİĞİ
Kontrol Alanı KOHA_MİRAKIL
005 - EN SON İŞLEM TARİHİ ve ZAMANI
Kontrol Alanı 20260207003435.0
007 - FİZİKSEL TANIM SABİT ALAN - GENEL BİLGİ
Sabit uzunluklu kontrol alanı ta
008 - SABİT UZUNLUKTAKİ VERİ ÖGELERİ - GENEL BİLGİ
Sabit Alan 131128b1982 tu a|||gr||||#||||0|tur |
040 ## - KATALOGLAMA KAYNAĞI
Özgün Kataloglama Kurumu TR-BiSEU
Kataloglama Dili tur
Çeviri Kurumu TR-BiSEU
Açıklama Kuralları rda
041 0# - DİL KODU
Metin ya da ses kaydının dil kodu tur
044 ## - YAYINLAYAN/ÜRETEN KURULUŞUN ÜLKE KODU
ISO country code tu
050 ## - SINIFLAMA ve YER NUMARASI
Sınıflama Numarası QA303
Yer Numarası .S33 1982
100 1# - KİŞİ ADI
Yazar Adı (Kişi adı) Saçlı, Asım Ömer.
245 1# - ESER ADI BİLDİRİMİ
Başlık Fen bilimleri için matematik/
Sorumluluk Bildirimi Asım Ömer Saçlı ; Mustafa Balcı.
264 #1 - ÜRERİM, YAYIN, DAĞITIM ve TELİF BİLDİRİMİ
Yayın yeri İstanbul :
Yayınlayan Milli Eğitim Bakanlığı
Yayın tarihi 1982
300 ## - FİZİKSEL TANIMLAMA
Sayfa, Cilt vb. VIII, 416 sayfa :
Diğer fiziki detaylar resimli ;
Boyutları 23 cm.
336 ## - İÇERİK TÜRÜ
Content type term metin
Content type code txt
Source rdacontent
337 ## - MEDYA TÜRÜ
Media type term aracısız
Media type code n
Source rdamedia
338 ## - TAŞIYICI TÜRÜ
Carrier type term cilt
Carrier type code nc
Source rdacarrier
490 1# - DİZİ BİLDİRİMİ
Dizi Bildirimi Milli Eğitim Bakanlığı.
490 1# - DİZİ BİLDİRİMİ
Dizi Bildirimi Modern Matematik ve Fen Kitapları ;130
650 #0 - KONU BAŞLIĞI EK GİRİŞ - KONU TERİMİ
Konusal terim veya coğrafi ad Mathematics.
9 (RLIN) 2070
650 #0 - KONU BAŞLIĞI EK GİRİŞ - KONU TERİMİ
Konusal terim veya coğrafi ad Matematik.
9 (RLIN) 1486
830 1# - SERİ EK GİRİŞİ - TEKBİÇİM ESER ADI
Tekbiçim Başlık Milli Eğitim Bakanlığı.
9 (RLIN) 25055
830 1# - SERİ EK GİRİŞİ - TEKBİÇİM ESER ADI
Tekbiçim Başlık Modern Matematik ve Fen Kitapları ;130
9 (RLIN) 83162
942 ## - EK GİRİŞ ÖGELERİ (KOHA)
Source of classification or shelving scheme Library of Congress Classification
Koha item type Book
Holdings
Materyal Türü Kalıcı Konum Mevcut Konum Raf Yeri Sınıflandırma Kaynağı Edinim Bilgisi Ana Konular Alt Konular Yer Numarası Demirbaş Numarası Fatura Tarihi Geri Çekilme Durumu Kayıp Durumu Hasarlı Durumu Kredi için değil Kayıt Tarih Toplam Ödünçverme Son Görülme Tarihi Son Kontrol Tarihi Genel / Bağış Notu
Book Prof. Dr. Azmi Özcan Kütüphanesi Prof. Dr. Azmi Özcan Kütüphanesi Birûni Salonu Library of Congress Classification Bağış BİLİM Matematik QA303 .S33 1982 0041001 02/02/2026         28/11/2013 2 05/12/2024 05/12/2024 M.Fatih Tamer